[Event "GER-chT Christmas U20"]
[Site "Playchess.com INT"]
[Date "2020.12.29"]
[Round "6.4"]
[White "Askerov, Imamali"]
[Black "Wang, Xinyuan1111"]
[Result "0-1"]
[WhiteElo "1937"]
[BlackElo "1759"]
[PlyCount "80"]
[EventDate "2020.12.29"]
[EventType "team-swiss (blitz)"]
[EventRounds "7"]
[EventCountry "GER"]
[SourceTitle "CBM 200 Extra"]
[Source "ChessBase"]
[SourceDate "2021.03.31"]
[SourceVersion "1"]
[SourceVersionDate "2021.03.31"]
[SourceQuality "1"]
[WhiteTeam "Uelzen Post"]
[BlackTeam "Karlsruhe"]
[WhiteTeamCountry "GER"]
[BlackTeamCountry "GER"]

1. e4 c5 2. Nf3 a6 3. c3 e6 4. d4 d5 5. exd5 exd5 6. Be2 Nf6 7. 0-0 h6 8. Bf4 Be7 9. dxc5 Bxc5 10. Nbd2 0-0 11. Nb3 Bb6 12. Nbd4 Nc6 13. Ne5 Nxe5 14. Bxe5 Re8 15. Bxf6 Qxf6 16. Bf3 Be6 17. Nxe6 fxe6 18. Qb3 Bc7 19. Qd1 Rf8 20. Bg4 Rae8 21. g3 Kh8 22. Bh3 Bb6 23. Qe2 e5 24. Bg2 e4 25. Rad1 Re5 26. Rc1 Rf5 27. Rc2 Rd8 28. Bh3 Re5 29. Bg2 Qe7 30. Kh1 Rf8 31. Rcc1 Ref5 32. Rc2 Qf6 33. Kg1 Ba7 34. c4 e3 35. cxd5 Rxf2 36. Rxf2 exf2+ 37. Kf1 Qd8 38. Rd2 Re8 39. Qxe8+ Qxe8 40. Rd1 Qb5+ 0-1

[Event "GER-chT Christmas U20"]
[Site "Playchess.com INT"]
[Date "2020.12.29"]
[Round "7.4"]
[White "Hoffmann, Lennard"]
[Black "Askerov, Imamali"]
[Result "0-1"]
[WhiteElo "2022"]
[BlackElo "1937"]
[PlyCount "76"]
[EventDate "2020.12.29"]
[EventType "team-swiss (blitz)"]
[EventRounds "7"]
[EventCountry "GER"]
[SourceTitle "CBM 200 Extra"]
[Source "ChessBase"]
[SourceDate "2021.03.31"]
[SourceVersion "1"]
[SourceVersionDate "2021.03.31"]
[SourceQuality "1"]
[WhiteTeam "Magdeburg Aufbau Elbe"]
[BlackTeam "Uelzen Post"]
[WhiteTeamCountry "GER"]
[BlackTeamCountry "GER"]

1. e4 c5 2. Nf3 e6 3. d4 cxd4 4. Nxd4 Nc6 5. Nxc6 bxc6 6. c4 Qc7 7. Nc3 Nf6 8. f4 d6 9. Qf3 Bb7 10. Be3 Be7 11. Be2 0-0 12. g4 Nd7 13. 0-0-0 d5 14. f5 Ne5 15. Qg3 Bd6 16. Bf4 Nd3+ 17. Qxd3 Bxf4+ 18. Kb1 Rad8 19. Qf3 d4 20. Na4 Be5 21. Bd3 c5 22. g5 exf5 23. Qxf5 g6 24. Qg4 Bc8 25. Qe2 Bd7 26. Bc2 Rb8 27. Rd3 Rb4 28. Qd1 Rfb8 29. Rb3 Bxa4 30. Rxb4 Bxc2+ 31. Qxc2 Rxb4 32. Qd3 Qb6 33. b3 a5 34. h4 a4 35. Kc2 axb3+ 36. axb3 Qa5 37. Kb2 Rb8 38. Ra1 Rxb3+ 0-1

[Event "GER-ch U25-A"]
[Site "Willingen"]
[Date "2019.06.12"]
[Round "5"]
[White "Askerov, Imamali"]
[Black "Klugstedt, Vincent C"]
[Result "1/2-1/2"]
[WhiteElo "1986"]
[BlackElo "1827"]
[PlyCount "79"]
[EventDate "2019.06.08"]
[EventType "swiss"]
[EventRounds "9"]
[EventCountry "GER"]
[SourceTitle "CBM 191 Extra"]
[Source "ChessBase"]
[SourceDate "2019.09.30"]
[SourceVersion "1"]
[SourceVersionDate "2019.09.30"]
[SourceQuality "1"]

1. e4 c5 2. Nf3 Nc6 3. d4 cxd4 4. Nxd4 g6 5. Nc3 Bg7 6. Be3 Nf6 7. Bc4 Qa5 8. 0-0 Qb4 9. Bb3 0-0 10. a3 Qa5 11. f4 d6 12. h3 Bd7 13. Qd3 Rfd8 14. Ba2 Nxd4 15. Bxd4 Bc6 16. b4 Qc7 17. b5 Bd7 18. e5 Bf5 19. Qe3 Ne8 20. Rad1 dxe5 21. fxe5 e6 22. g4 Bxc2 23. Rd2 Rxd4 24. Rxd4 Qxe5 25. Qxe5 Bxe5 26. Rd2 Bxc3 27. Rxc2 Bd4+ 28. Kg2 b6 29. Rd2 Bf6 30. Rd7 Rd8 31. Rxd8 Bxd8 32. Rd1 Be7 33. a4 Bd6 34. Rc1 Nc7 35. Rd1 Ne8 36. Bb1 Kf8 37. Be4 Ke7 38. Bc6 Nc7 39. Kf3 e5 40. Bd5 1/2-1/2

[Event "GER-ch U25-A"]
[Site "Willingen"]
[Date "2019.06.12"]
[Round "6"]
[White "Kamp, Adrian"]
[Black "Askerov, Imamali"]
[Result "1/2-1/2"]
[WhiteElo "1865"]
[BlackElo "1986"]
[PlyCount "81"]
[EventDate "2019.06.08"]
[EventType "swiss"]
[EventRounds "9"]
[EventCountry "GER"]
[SourceTitle "CBM 191 Extra"]
[Source "ChessBase"]
[SourceDate "2019.09.30"]
[SourceVersion "1"]
[SourceVersionDate "2019.09.30"]
[SourceQuality "1"]

1. e4 c5 2. d4 cxd4 3. c3 dxc3 4. Nxc3 Nc6 5. Nf3 e6 6. Bc4 d6 7. 0-0 a6 8. Qe2 b5 9. Bb3 Ra7 10. Be3 Rd7 11. Ng5 Nf6 12. f4 h6 13. Nf3 Bb7 14. Nd4 Nxd4 15. Bxd4 Be7 16. Qe3 0-0 17. Rad1 b4 18. Na4 Nxe4 19. Nb6 Rc7 20. f5 exf5 21. Rxf5 Bg5 22. Qd3 Nc5 23. Bxc5 Rxc5 24. Nd5 a5 25. Rdf1 Bc8 26. R5f2 Be6 27. Bc2 g6 28. Nf6+ Bxf6 29. Rxf6 Bf5 30. R1xf5 Rxf5 31. Rxf5 gxf5 32. Qxf5 Kg7 33. Qh7+ Kf6 34. Qxh6+ Ke5 35. Qe3+ Kf6 36. Qh6+ Ke7 37. Qe3+ Kd7 38. Ba4+ Kc8 39. Qa7 Qc7 40. Qa8+ Qb8 41. Qc6+ 1/2-1/2

[Event "GER-ch U25-A"]
[Site "Willingen"]
[Date "2019.06.10"]
[Round "3"]
[White "Askerov, Imamali"]
[Black "Recktenwald, Cedric"]
[Result "0-1"]
[WhiteElo "1986"]
[BlackElo "1839"]
[PlyCount "94"]
[EventDate "2019.06.08"]
[EventType "swiss"]
[EventRounds "9"]
[EventCountry "GER"]
[SourceTitle "CBM 191 Extra"]
[Source "ChessBase"]
[SourceDate "2019.09.30"]
[SourceVersion "1"]
[SourceVersionDate "2019.09.30"]
[SourceQuality "1"]

1. e4 c6 2. d4 d5 3. Nc3 dxe4 4. Nxe4 Bf5 5. Ng3 Bg6 6. N1e2 Nf6 7. Nf4 Nbd7 8. Bc4 e5 9. Nxg6 hxg6 10. 0-0 exd4 11. Qxd4 Bc5 12. Re1+ Kf8 13. Qf4 Nb6 14. Bb3 Nbd5 15. Qf3 Qb6 16. h3 a5 17. a3 a4 18. Bc4 Rh4 19. Bd3 Rd4 20. Re2 Nc7 21. Rb1 Rd7 22. Bg5 Kg8 23. b4 Bd4 24. Bc4 Ncd5 25. Bd2 Qa7 26. Rbe1 Rad8 27. Ne4 Nxe4 28. Qxe4 Nc3 29. Bxc3 Bxc3 30. Rf1 Bf6 31. Qxg6 Qd4 32. Qe4 Qb2 33. Bd3 g6 34. Qg4 Kg7 35. Re3 Rd4 36. Qf3 Bg5 37. Re4 Qxa3 38. Rfe1 Qxb4 39. h4 Bxh4 40. g3 Bf6 41. Re8 a3 42. Qh1 Rxe8 43. Rxe8 Qb1+ 44. Bf1 Qxf1+ 45. Kxf1 Rd1+ 46. Re1 Rxe1+ 47. Kxe1 a2 0-1

[Event "GER-ch U25-A"]
[Site "Willingen"]
[Date "2019.06.09"]
[Round "1"]
[White "Askerov, Imamali"]
[Black "Dornieden, Jonas"]
[Result "1/2-1/2"]
[WhiteElo "1986"]
[BlackElo "1864"]
[PlyCount "91"]
[EventDate "2019.06.08"]
[EventType "swiss"]
[EventRounds "9"]
[EventCountry "GER"]
[SourceTitle "CBM 191 Extra"]
[Source "ChessBase"]
[SourceDate "2019.09.30"]
[SourceVersion "1"]
[SourceVersionDate "2019.09.30"]
[SourceQuality "1"]

1. e4 c6 2. d4 d5 3. Nc3 dxe4 4. Nxe4 Bf5 5. Ng3 Bg6 6. N1e2 Nf6 7. Nf4 e5 8. dxe5 Qa5+ 9. c3 Qxe5+ 10. Be2 Be7 11. 0-0 0-0 12. Qb3 Qc7 13. Re1 Bd6 14. Nxg6 hxg6 15. Bf3 Nbd7 16. Bg5 Rae8 17. Qa4 Nc5 18. Qh4 Nh7 19. Be3 a6 20. Rad1 Re6 21. b4 Nd7 22. Ne4 Be7 23. Qh3 Ne5 24. Bf4 Nxf3+ 25. Qxf3 Qc8 26. Re3 Nf6 27. Ng5 Rxe3 28. Qxe3 Rd8 29. Re1 Nd5 30. Qf3 Qf5 31. Nh3 g5 32. Bxg5 Qxf3 33. gxf3 Bxg5 34. Nxg5 Nxc3 35. Re7 Nxa2 36. Rxb7 f6 37. Ne6 Rd6 38. Nxg7 Nxb4 39. h4 Nd5 40. Nf5 Re6 41. h5 c5 42. h6 Re5 43. Ng3 c4 44. f4 Nxf4 45. Rc7 Nh5 46. Rxc4 1/2-1/2

[Event "GER-chT U16"]
[Site "Aurich"]
[Date "2018.12.28"]
[Round "3.3"]
[White "Askerov, Imamali"]
[Black "Kracht, Raphael"]
[Result "1/2-1/2"]
[WhiteElo "1964"]
[BlackElo "2047"]
[PlyCount "35"]
[EventDate "2018.12.27"]
[EventType "team-swiss"]
[EventRounds "7"]
[EventCountry "GER"]
[SourceTitle "CBM 188 Extra"]
[Source "ChessBase"]
[SourceDate "2019.02.26"]
[SourceVersion "1"]
[SourceVersionDate "2019.02.26"]
[SourceQuality "1"]
[WhiteTeam "Uelzen Post"]
[BlackTeam "Brackel"]
[WhiteTeamCountry "GER"]
[BlackTeamCountry "GER"]

1. e4 e5 2. Nf3 Nc6 3. Bb5 Nge7 4. Nc3 g6 5. d4 exd4 6. Nd5 Bg7 7. Bg5 h6 8. Bf6 Bxf6 9. Nxf6+ Kf8 10. Qd2 d6 11. 0-0-0 Kg7 12. Nxd4 Kxf6 13. Qc3 Nxd4 14. Qxd4+ Ke6 15. Qc4+ Kf6 16. Qd4+ Ke6 17. Qc4+ Kf6 18. Qd4+ 1/2-1/2

[Event "GER-chT U16"]
[Site "Aurich"]
[Date "2018.12.27"]
[Round "2.3"]
[White "Trinh, Fabian Dat"]
[Black "Askerov, Imamali"]
[Result "1-0"]
[WhiteElo "1751"]
[BlackElo "1964"]
[PlyCount "123"]
[EventDate "2018.12.27"]
[EventType "team-swiss"]
[EventRounds "7"]
[EventCountry "GER"]
[SourceTitle "CBM 188 Extra"]
[Source "ChessBase"]
[SourceDate "2019.02.26"]
[SourceVersion "1"]
[SourceVersionDate "2019.02.26"]
[SourceQuality "1"]
[WhiteTeam "Hemer"]
[BlackTeam "Uelzen Post"]
[WhiteTeamCountry "GER"]
[BlackTeamCountry "GER"]

1. d4 Nf6 2. Bf4 d5 3. e3 c5 4. c3 Nc6 5. Nd2 Bf5 6. Qb3 Qb6 7. dxc5 Qxb3 8. axb3 e5 9. Bg3 Bxc5 10. Ngf3 Nd7 11. b4 Bd6 12. Bb5 0-0 13. 0-0 a6 14. Be2 Rfe8 15. Nb3 f6 16. Na5 Nxa5 17. Rxa5 Be6 18. Rd1 Bc7 19. Raa1 Nb6 20. h3 Red8 21. Nd2 Bf5 22. Rdc1 Bd6 23. Nb3 Rac8 24. Na5 Rc7 25. Rd1 Be7 26. Rd2 Rcd7 27. Rad1 d4 28. exd4 exd4 29. Rxd4 Rxd4 30. Rxd4 Rxd4 31. cxd4 Be4 32. Bc7 Na8 33. Bf4 Bxb4 34. Bc4+ Kf8 35. f3 Bxf3 36. gxf3 Bxa5 37. Bd5 Bb6 38. Be3 Nc7 39. Bxb7 Ke7 40. Kf2 a5 41. Ke2 Kd7 42. Kd3 Ne6 43. Kc4 Nc7 44. h4 Kd6 45. h5 h6 46. Bf4+ Kd7 47. d5 Bf2 48. Bc6+ Kd8 49. d6 Ne6 50. Bd2 Bd4 51. Bxa5+ Kc8 52. d7+ Kb8 53. d8Q+ Nxd8 54. Bxd8 Bxb2 55. Kd5 Kc8 56. Be7 Kc7 57. Bf8 f5 58. Ba4 Bf6 59. Ke6 f4 60. Kf7 Bg5 61. Bxg7 Kd6 62. Kg6 1-0

[Event "JBLN West 1819"]
[Site "Germany"]
[Date "2018.09.23"]
[Round "1.2"]
[White "Balazs, Balint"]
[Black "Askerov, Imamali"]
[Result "1-0"]
[WhiteElo "2130"]
[BlackElo "1983"]
[PlyCount "81"]
[EventDate "2018.09.23"]
[EventType "team-tourn"]
[EventRounds "9"]
[EventCountry "GER"]
[SourceTitle "EXT 2020"]
[Source "ChessBase"]
[SourceDate "2019.10.17"]
[SourceVersion "1"]
[SourceVersionDate "2019.10.17"]
[SourceQuality "1"]
[WhiteTeam "Hagen U20"]
[BlackTeam "Uelzen Post U20"]
[WhiteTeamCountry "GER"]
[BlackTeamCountry "GER"]

1. d4 Nf6 2. e3 d5 3. Bd3 c5 4. c3 Nc6 5. f4 e6 6. Nf3 Bd6 7. Nbd2 0-0 8. Ne5 Ne7 9. 0-0 Nf5 10. Rf3 g6 11. g4 Bxe5 12. gxf5 Bd6 13. fxg6 fxg6 14. Rg3 Rf7 15. Nf3 Rg7 16. Ne5 Bd7 17. Bd2 Qe7 18. Qf3 Rf8 19. Rf1 Nh5 20. Rg2 Bxe5 21. dxe5 Bc6 22. Qg4 c4 23. Be2 d4 24. cxd4 Bxg2 25. Kxg2 b5 26. a3 Qd7 27. Bf3 Re8 28. Bb4 Rf7 29. Rd1 Ng7 30. d5 exd5 31. Qxd7 Rxd7 32. Bxd5+ Kh8 33. Bc3 Ne6 34. Bxe6 Rxd1 35. Bf7 Rd3 36. Bxe8 Rxe3 37. Bxb5 Kg7 38. Bxc4 Re4 39. Bd5 Rxf4 40. e6+ Kf8 41. Bb4+ 1-0

[Event "Helsingor Xtracon op"]
[Site "Helsingor"]
[Date "2018.07.28"]
[Round "9"]
[White "Askerov, Imamali"]
[Black "Rygg, Andreas Gangstad"]
[Result "1/2-1/2"]
[WhiteElo "1970"]
[BlackElo "1759"]
[PlyCount "100"]
[EventDate "2018.07.21"]
[EventType "swiss"]
[EventRounds "10"]
[EventCountry "DEN"]
[SourceTitle "CBM 185 Extra"]
[Source "ChessBase"]
[SourceDate "2018.07.29"]
[SourceVersion "1"]
[SourceVersionDate "2018.07.29"]
[SourceQuality "1"]

1. e4 c5 2. Nf3 g6 3. d4 cxd4 4. Nxd4 Bg7 5. c4 Nc6 6. Be3 Nf6 7. Nc3 Ng4 8. Qxg4 Nxd4 9. Qd1 Nc6 10. Be2 d6 11. 0-0 Be6 12. Rc1 0-0 13. f4 Qa5 14. Qd2 Rac8 15. Kh1 f5 16. exf5 Bxf5 17. Rfd1 Rfe8 18. Bf3 Be6 19. Qe2 Nd8 20. c5 dxc5 21. Ne4 b6 22. Ng5 Bf7 23. Bg4 e6 24. Rd7 h6 25. Ne4 Qa4 26. Qd3 Nc6 27. Rxf7 Kxf7 28. Nd6+ Kf6 29. Nxc8 Rxc8 30. b3 Qxa2 31. Qc3+ Kf7 32. Bxe6+ Kxe6 33. Qxg7 Ne7 34. Bg1 Qd2 35. Rc3 Rg8 36. Qe5+ Kf7 37. Re3 Qd7 38. Qe4 Re8 39. Rd3 Qf5 40. Qc4+ Qe6 41. Qa4 Nc6 42. Re3 Qd5 43. h3 Rxe3 44. Bxe3 Qd1+ 45. Kh2 Qd5 46. Qb5 Nd4 47. Qa6 Qd7 48. b4 Nf5 49. Qa2+ Kf8 50. Bd2 cxb4 1/2-1/2

[Event "Helsingor Xtracon op"]
[Site "Helsingor"]
[Date "2018.07.27"]
[Round "8"]
[White "Nord, Alexander"]
[Black "Askerov, Imamali"]
[Result "0-1"]
[WhiteElo "1763"]
[BlackElo "1970"]
[PlyCount "68"]
[EventDate "2018.07.21"]
[EventType "swiss"]
[EventRounds "10"]
[EventCountry "DEN"]
[SourceTitle "CBM 185 Extra"]
[Source "ChessBase"]
[SourceDate "2018.07.29"]
[SourceVersion "1"]
[SourceVersionDate "2018.07.29"]
[SourceQuality "1"]

1. e4 c5 2. Nf3 e6 3. d4 cxd4 4. Nxd4 Nc6 5. Nxc6 bxc6 6. Bd3 Qc7 7. 0-0 Nf6 8. c4 Be7 9. Nc3 Bb7 10. f4 d6 11. Be3 e5 12. f5 h5 13. h3 Kf8 14. g4 hxg4 15. hxg4 Rh4 16. Be2 d5 17. Bf2 Rh3 18. Kg2 Rxc3 19. bxc3 Nxe4 20. Rh1 Bg5 21. Qb3 Kg8 22. Rab1 Ba6 23. Be1 Rd8 24. Qc2 Bb7 25. Bd3 Nf6 26. Bh4 dxc4 27. Bxg5 cxd3 28. Qd1 c5+ 29. Rxb7 Qxb7+ 30. Kg1 Qe4 31. Bxf6 gxf6 32. g5 Qe3+ 33. Kf1 Qf4+ 34. Kg1 Qxg5+ 0-1

[Event "Helsingor Xtracon op"]
[Site "Helsingor"]
[Date "2018.07.26"]
[Round "7"]
[White "Askerov, Imamali"]
[Black "Ponomarev, Denis1111"]
[Result "1/2-1/2"]
[WhiteElo "1970"]
[BlackElo "1797"]
[PlyCount "87"]
[EventDate "2018.07.21"]
[EventType "swiss"]
[EventRounds "10"]
[EventCountry "DEN"]
[SourceTitle "CBM 185 Extra"]
[Source "ChessBase"]
[SourceDate "2018.07.29"]
[SourceVersion "1"]
[SourceVersionDate "2018.07.29"]
[SourceQuality "1"]

1. e4 c5 2. Nf3 e6 3. d4 cxd4 4. Nxd4 Nc6 5. Nc3 Qc7 6. Be3 a6 7. Be2 Nf6 8. 0-0 Bb4 9. Na4 0-0 10. Nxc6 bxc6 11. Nb6 Rb8 12. Nxc8 Rfxc8 13. Bxa6 Rd8 14. Bd3 Bd6 15. f4 e5 16. f5 Bf8 17. b3 d5 18. Qf3 h6 19. g4 Qa5 20. Rfd1 Bc5 21. h3 Qc3 22. Bxc5 Qxc5+ 23. Kg2 Qc3 24. a3 Qb2 25. Kg3 dxe4 26. Bxe4 Nxe4+ 27. Qxe4 Rxd1 28. Rxd1 Qxa3 29. Re1 Rd8 30. Qxe5 Qb4 31. Re2 c5 32. Re4 Qb7 33. Kf4 Rd4 34. Qe8+ Kh7 35. Kf3 Rd2 36. Qe7 Qd5 37. Qe5 Qc6 38. Qe8 Qf6 39. Qe5 Qg5 40. Qg3 Qd8 41. Re2 Rxc2 42. Rxc2 Qd3+ 43. Kf4 Qxc2 44. Qe3 1/2-1/2

[Event "Helsingor Xtracon op"]
[Site "Helsingor"]
[Date "2018.07.24"]
[Round "5"]
[White "Timman, Jan H"]
[Black "Askerov, Imamali"]
[Result "1-0"]
[WhiteElo "2555"]
[BlackElo "1970"]
[PlyCount "35"]
[EventDate "2018.07.21"]
[EventType "swiss"]
[EventRounds "10"]
[EventCountry "DEN"]
[SourceTitle "CBM 185 Extra"]
[Source "ChessBase"]
[SourceDate "2018.07.29"]
[SourceVersion "1"]
[SourceVersionDate "2018.07.29"]
[SourceQuality "1"]

1. Nf3 c5 2. g3 b6 3. e4 Bb7 4. Nc3 Nc6 5. d4 cxd4 6. Nxd4 g6 7. Be3 Bg7 8. Qd2 Nf6 9. f3 Rc8 10. 0-0-0 Ne5 11. Bh6 0-0 12. h4 d5 13. Bxg7 Kxg7 14. Qg5 Nc4 15. Bxc4 Rxc4 16. h5 Rh8 17. hxg6 h6 18. Nf5+ 1-0

[Event "Helsingor Xtracon op"]
[Site "Helsingor"]
[Date "2018.07.22"]
[Round "3"]
[White "Askerov, Imamali"]
[Black "Fjallheim, Benjamin Reinert"]
[Result "1-0"]
[WhiteElo "1970"]
[BlackElo "1375"]
[PlyCount "35"]
[EventDate "2018.07.21"]
[EventType "swiss"]
[EventRounds "10"]
[EventCountry "DEN"]
[SourceTitle "CBM 185 Extra"]
[Source "ChessBase"]
[SourceDate "2018.07.29"]
[SourceVersion "1"]
[SourceVersionDate "2018.07.29"]
[SourceQuality "1"]

1. e4 e5 2. Nf3 Nc6 3. d4 exd4 4. Bc4 Bc5 5. c3 Nf6 6. e5 Qe7 7. 0-0 Ng4 8. cxd4 Bb6 9. a3 d6 10. h3 Nh6 11. Bg5 Qd7 12. exd6 Qxd6 13. Re1+ Kf8 14. d5 Bxf2+ 15. Kxf2 Qc5+ 16. Be3 Qxc4 17. dxc6 Bf5 18. cxb7 1-0

[Event "Helsingor Xtracon op"]
[Site "Helsingor"]
[Date "2018.07.22"]
[Round "2"]
[White "Mielow, Bjarne"]
[Black "Askerov, Imamali"]
[Result "0-1"]
[WhiteElo "1730"]
[BlackElo "1970"]
[PlyCount "58"]
[EventDate "2018.07.21"]
[EventType "swiss"]
[EventRounds "10"]
[EventCountry "DEN"]
[SourceTitle "CBM 185 Extra"]
[Source "ChessBase"]
[SourceDate "2018.07.29"]
[SourceVersion "1"]
[SourceVersionDate "2018.07.29"]
[SourceQuality "1"]

1. Nf3 c5 2. g3 b6 3. Bg2 Bb7 4. d3 g6 5. 0-0 Bg7 6. c3 Nf6 7. Nbd2 0-0 8. a4 Nc6 9. Rb1 Rc8 10. b4 cxb4 11. cxb4 Nd5 12. Qb3 Nc3 13. Re1 Nxb1 14. Qxb1 d5 15. Ba3 Qd7 16. Nb3 Ne5 17. Nxe5 Bxe5 18. b5 Rc7 19. d4 Bf6 20. e3 Rfc8 21. Nc1 Rc2 22. Nd3 Qf5 23. Nf4 e6 24. f3 R2c3 25. Qa1 Qc2 26. Ne2 Rxe3 27. Kf2 Qd2 28. Bc1 Rxc1 29. Qxc1 Rxe2+ 0-1

[Event "GER-ch U25-A"]
[Site "Willingen"]
[Date "2018.05.24"]
[Round "7"]
[White "Hartmann, Jakob"]
[Black "Askerov, Imamali"]
[Result "1-0"]
[WhiteElo "2087"]
[BlackElo "1940"]
[PlyCount "65"]
[EventDate "2018.05.19"]
[EventType "swiss"]
[EventRounds "9"]
[EventCountry "GER"]
[SourceTitle "CBM 184 Extra"]
[Source "ChessBase"]
[SourceDate "2018.06.28"]
[SourceVersion "1"]
[SourceVersionDate "2018.06.28"]
[SourceQuality "1"]

1. e4 c5 2. Nf3 d6 3. d4 cxd4 4. Nxd4 Nf6 5. Nc3 a6 6. Bg5 Nbd7 7. Qe2 h6 8. Bh4 g6 9. 0-0-0 e5 10. Nb3 Be7 11. g4 b5 12. a3 Bb7 13. Bg2 Qc7 14. Bg3 Kf8 15. Kb1 Kg7 16. h4 Nb6 17. f4 exf4 18. Bxf4 Nc4 19. Rhf1 Rad8 20. Qf3 Ne8 21. g5 h5 22. Nd5 Bxd5 23. exd5 Rf8 24. Nd4 Kg8 25. Nc6 Ra8 26. Rde1 Bd8 27. Qc3 Ng7 28. Bc1 Nb6 29. b3 Kh7 30. Bb2 Rg8 31. Re7 Qxe7 32. Nxe7 Bxe7 33. Rxf7 1-0

[Event "GER-ch U25-A"]
[Site "Willingen"]
[Date "2018.05.22"]
[Round "4"]
[White "Askerov, Imamali"]
[Black "Perkampus, Laurin"]
[Result "1-0"]
[WhiteElo "1940"]
[BlackElo "1805"]
[PlyCount "153"]
[EventDate "2018.05.19"]
[EventType "swiss"]
[EventRounds "9"]
[EventCountry "GER"]
[SourceTitle "CBM 184 Extra"]
[Source "ChessBase"]
[SourceDate "2018.06.28"]
[SourceVersion "1"]
[SourceVersionDate "2018.06.28"]
[SourceQuality "1"]

1. e4 c5 2. Nf3 d6 3. d4 cxd4 4. Nxd4 Nf6 5. Nc3 g6 6. f3 Bg7 7. Be3 Nc6 8. Qd2 0-0 9. 0-0-0 Nxd4 10. Bxd4 Be6 11. Kb1 Qc7 12. g4 Rfc8 13. h4 Qa5 14. a3 Rab8 15. Bxf6 Bxf6 16. Nd5 Qxd2 17. Nxf6+ exf6 18. Rxd2 Rd8 19. Be2 Kf8 20. f4 Rbc8 21. Rd4 f5 22. gxf5 gxf5 23. Bd3 fxe4 24. Bxe4 Rc5 25. Bxh7 Rh5 26. Be4 b5 27. Bf3 Rh6 28. h5 Ke7 29. Rg1 Rc8 30. Rg5 Rc5 31. Kc1 a5 32. Kd2 a4 33. Be2 f6 34. Rxc5 dxc5 35. Re4 f5 36. Re5 Kd6 37. Bxb5 Rxh5 38. Bxa4 Rh4 39. Ke3 Rh3+ 40. Kf2 Rh4 41. Kg3 Rg4+ 42. Kf3 Bd5+ 43. Ke3 Be4 44. Bb3 Rg3+ 45. Kd2 Rf3 46. a4 Rxf4 47. Re6+ Kd7 48. Rf6 Kc7 49. a5 Kb7 50. Ke2 Rh4 51. Ke3 Rh2 52. a6+ Ka7 53. Bc4 Rxc2 54. b3 Ra2 55. Kf4 Rd2 56. Ke5 Rd4 57. Rf7+ Ka8 58. Rc7 Rd1 59. Rxc5 Re1 60. Kf4 Rb1 61. Rc8+ Ka7 62. Rf8 Rb2 63. Ke5 Ra2 64. Kd4 Rf2 65. Kc5 Rh2 66. Rf7+ Ka8 67. b4 Rh5 68. b5 Rh6 69. Re7 Rf6 70. b6 Bc6 71. Rc7 Rf8 72. Rxc6 f4 73. Bd5 Kb8 74. a7+ Kb7 75. Rf6+ Ka6 76. Rxf8 f3 77. a8Q# 1-0

[Event "GER-chT U16"]
[Site "Walldorf"]
[Date "2017.12.28"]
[Round "4.4"]
[White "Askerov, Imamali"]
[Black "Berstler, Tobias"]
[Result "1-0"]
[WhiteElo "1733"]
[BlackElo "1464"]
[PlyCount "61"]
[EventDate "2017.12.26"]
[EventType "team-swiss"]
[EventRounds "7"]
[EventCountry "GER"]
[SourceTitle "CBM 182 Extra"]
[Source "ChessBase"]
[SourceDate "2018.02.23"]
[SourceVersion "1"]
[SourceVersionDate "2018.02.23"]
[SourceQuality "1"]
[WhiteTeam "Uelzen Post"]
[BlackTeam "Bingen"]
[WhiteTeamCountry "GER"]
[BlackTeamCountry "GER"]

1. e4 e5 2. Nf3 Nc6 3. d4 exd4 4. Nxd4 Bb4+ 5. c3 Bc5 6. Be3 Bb6 7. Bc4 d6 8. 0-0 Nf6 9. Nd2 Qe7 10. Nxc6 bxc6 11. Re1 0-0 12. h3 Re8 13. Bd3 Bd7 14. Kh1 Bxe3 15. Rxe3 Qf8 16. Qe2 c5 17. f4 Bc6 18. c4 Nd7 19. Re1 f6 20. Kh2 g6 21. Qg4 Re7 22. h4 Qg7 23. R1e2 Rae8 24. Qh3 f5 25. exf5 Rxe3 26. Rxe3 Rxe3 27. Qxe3 Qxb2 28. fxg6 hxg6 29. Qg3 Kf7 30. Ne4 Qxa2 31. h5 1-0

[Event "Lueneburg distr-ch U16/18"]
[Site "Lueneburg"]
[Date "2017.10.11"]
[Round "6"]
[White "Knuedel, Torben"]
[Black "Askerov, Imamali"]
[Result "1-0"]
[WhiteElo "1825"]
[BlackElo "1797"]
[PlyCount "71"]
[EventDate "2017.10.09"]
[EventType "swiss"]
[EventRounds "7"]
[EventCountry "GER"]
[SourceTitle "EXT 2019"]
[Source "ChessBase"]
[SourceDate "2018.10.10"]
[SourceVersion "1"]
[SourceVersionDate "2018.10.10"]
[SourceQuality "1"]

1. e4 c5 2. Nf3 e6 3. d4 cxd4 4. Nxd4 Nc6 5. Nc3 a6 6. Be3 Qc7 7. Qf3 Nf6 8. 0-0-0 Ne5 9. Qg3 d6 10. f3 b5 11. a3 Bb7 12. Kb1 Rc8 13. Bd3 Nc4 14. Ndxb5 axb5 15. Nxb5 Qc6 16. Na7 Qd7 17. Nxc8 Nxe3 18. Na7 Bc6 19. Nxc6 Qxc6 20. Qg5 Qc5 21. Bb5+ Ke7 22. Qxc5 dxc5 23. Rd2 g6 24. Re2 Bh6 25. Rhe1 Rb8 26. a4 Kd6 27. Rxe3 Bxe3 28. Rxe3 Kc7 29. Rd3 Rb6 30. e5 Nd5 31. c4 Nf4 32. Rd7+ Kc8 33. Rxf7 Nxg2 34. Rxh7 Nf4 35. a5 Rb7 36. Ba6 1-0

[Event "Lueneburg distr-ch U16/18"]
[Site "Lueneburg"]
[Date "2017.10.10"]
[Round "5"]
[White "Askerov, Imamali"]
[Black "Bargsten, Justus"]
[Result "1/2-1/2"]
[WhiteElo "1797"]
[BlackElo "1907"]
[PlyCount "87"]
[EventDate "2017.10.09"]
[EventType "swiss"]
[EventRounds "7"]
[EventCountry "GER"]
[SourceTitle "EXT 2019"]
[Source "ChessBase"]
[SourceDate "2018.10.10"]
[SourceVersion "1"]
[SourceVersionDate "2018.10.10"]
[SourceQuality "1"]

1. e4 e5 2. Nf3 Nc6 3. d4 exd4 4. Nxd4 Bc5 5. Be3 Qf6 6. c3 Nge7 7. Bc4 Ne5 8. Be2 d6 9. 0-0 Qg6 10. Nd2 Bh3 11. Bf3 Nxf3+ 12. Qxf3 Bd7 13. a4 a5 14. Nc4 0-0 15. Nc2 Bc6 16. Nd2 f5 17. Bxc5 fxe4 18. Qg3 Qxg3 19. hxg3 dxc5 20. Rfe1 Rf7 21. Nxe4 Raf8 22. f3 Nf5 23. Nxc5 Nxg3 24. Nd4 Bd5 25. Re5 c6 26. Rae1 b6 27. Nce6 Re8 28. Kh2 Nf5 29. Nxf5 Rxe6 30. Rxe6 Bxe6 31. Rxe6 Rxf5 32. Rxc6 b5 33. axb5 Rxb5 34. Ra6 Rxb2 35. Rxa5 Rc2 36. Rc5 Kf7 37. Rc7+ Kf6 38. Kg3 h5 39. f4 g6 40. Kf3 Ke6 41. Rc6+ Kd5 42. Rxg6 Rxc3+ 43. Kf2 Ke4 44. Re6+ 1/2-1/2